LIBRARY & INFORMATION CENTRE, KCAET, TAVANUR

ONLINE PUBLIC ACCESS CATALOGUE (OPAC)

Introducing spectrum machine code / (Record no. 5578)

MARC details
000 -LEADER
fixed length control field 00295cam a2200121ua 4500
082 ## - DEWEY DECIMAL CLASSIFICATION NUMBER
Classification number 001.6425
Item number SIN/IN
100 ## - MAIN ENTRY--AUTHOR NAME
Personal name Sinclair, Ian .
245 ## - TITLE STATEMENT
Title Introducing spectrum machine code /
250 ## - EDITION STATEMENT
Edition statement 1 /
260 ## - PUBLICATION, DISTRIBUTION, ETC. (IMPRINT)
Place of publication London :
Name of publisher Granada ,
Year of publication 1983.
300 ## - PHYSICAL DESCRIPTION
Number of Pages 149 ;
Accompanying material CD ROM.
942 ## - ADDED ENTRY ELEMENTS (KOHA)
Koha item type Books
Holdings
Withdrawn status Lost status Damaged status Home library Current library Date acquired Full call number Accession Number Koha item type
      KAUAET KAUAET 27/03/1987 001.6425 SIN/IN 16225 Reference
free website counter